00976nam a2200253 a 4500001001000000003000400010005001700014008003800031020001500069040002500084100003900109245007300148260004000221300003800261504007400299504003100373590002700404650006500431651004100496910001500537942001300552952014000565999001700705000020124OSt20201002031105.0100722s2001 cu cg 000 0 spa d a9591006683 aDO-SdBNPbspacBNPHU1 aOrtiz, Fernando,d1881-199694272713aLa africanía de la música folklórica cubana /cFernando Ortiz. aLa Habana :bLetras cubanas,c2001. a421 p. :bretrs., mús ;c23 cm. aIncluye referencias bibliográficas y notas al pie de las páginas. aBibliografías p: 403-419 aInventariado, 2020/ YL 4aMúsica folclórica cubanaxInfluencias afrícanas942728 4aCubaxInfluencias Afrícanas942729 aEn proceso 2ddccLF1 00102ddc50718MOaGRbGRcCTd2010-07-22eCompra Ed. Cubanas (Feria del Libro)g0.00iLF1l0o p20124-10r2020-06-25w2020-06-25y1 c19632d19632